Southville International School and Colleges
Your cart is empty.
  • Cart
  • Lists
    Public lists Eva Luna New books Lux_list list_1
    Your lists Log in to create your own lists
  • Log in to your account
  • Your cookies
  • Search history
Southville International School and Colleges
  • Advanced search
  • Recent comments
  • Most popular
  • Libraries

Log in to your account

Log in with GOOGLE


If you do not have an external account, but do have a local account, you can still log in:

  1. Home
  2. MARC view: Outliers :
Normal view MARC view ISBD view

Outliers : (Record no. 363194)

[ view plain ]
MARC details
000 -LEADER
fixed length control field 00560nam a2200229Ia 4500
008 - FIXED-LENGTH DATA ELEMENTS--GENERAL INFORMATION
fixed length control field 200601s9999 xx 000 0 und d
020 ## - INTERNATIONAL STANDARD BOOK NUMBER
International Standard Book Number 978-0-316-05628-1
050 ## - LIBRARY OF CONGRESS CALL NUMBER
Classification number MAIN BF 637.S8
050 ## - LIBRARY OF CONGRESS CALL NUMBER
Item number .G53 2008
100 ## - MAIN ENTRY--PERSONAL NAME
Personal name Gladwell, Malcolm.
245 #0 - TITLE STATEMENT
Title Outliers :
245 #4 - TITLE STATEMENT
Remainder of title the story of success /
245 #0 - TITLE STATEMENT
Statement of responsibility, etc Malcolm Gladwell.
260 ## - PUBLICATION, DISTRIBUTION, ETC. (IMPRINT)
Place of publication, distribution, etc New York :
260 ## - PUBLICATION, DISTRIBUTION, ETC. (IMPRINT)
Name of publisher, distributor, etc Back Bay books,
260 ## - PUBLICATION, DISTRIBUTION, ETC. (IMPRINT)
Date of publication, distribution, etc 2008
300 ## - PHYSICAL DESCRIPTION
Extent 365 pages :
300 ## - PHYSICAL DESCRIPTION
Dimensions 21 cm.
500 ## - GENERAL NOTE
General note Includes index.
650 ## - SUBJECT ADDED ENTRY--TOPICAL TERM
Topical term or geographic name as entry element Successful people.
650 ## - SUBJECT ADDED ENTRY--TOPICAL TERM
General subdivision Success.
Holdings
Withdrawn status Lost status Damaged status Home library Current library Shelving location Date acquired Total Checkouts Full call number Barcode Date last seen Price effective from Koha item type
      South Mansfield College South Mansfield College   01/20/2020   MAIN BF 637.S8 .G53 2008 SMC06352 06/01/2020 06/01/2020  

Outliers :

APA

Gladwell M., .Outliers. New York: .

Chicago

Gladwell Malcolm, .Outliers. New York: .

Harvard

Gladwell M., .Outliers. New York: .

MLA

Gladwell Malcolm, .New York: . .

  • Place hold
  • Print
  • Cite
  • Add to your cart (remove)
  • Save record
    BIBTEX Dublin Core MARCXML MARC (non-Unicode/MARC-8) MARC (Unicode/UTF-8) MARC (Unicode/UTF-8, Standard) MODS (XML) RIS
  • More searches
    Search for this title in:
    Other Libraries (WorldCat) Other Databases (Google Scholar) Online Stores (Bookfinder.com) Open Library (openlibrary.org)

Exporting to Dublin Core...

SOUTHVILLE LIBRARY

Southville International School and Colleges Library

1281 Tropical Ave. Cor. Luxembourg St., BF Homes International, Las Pinas City

Tel. No. 8256374 / 252358 Loc. 117/146

Powered by Koha